[Event "Airthings Masters MCCT Prel 2022"]
[Site "Online"]
[Date "2022.02.13"]
[Round "8.4"]
[White "Giri, Anish"]
[Black "Le, Quang Liem"]
[Result "1-0"]
[WhiteElo "2772"]
[BlackElo "2709"]
[Annotator "TA"]
[PlyCount "129"]
[EventDate "2022.02.18"]
[EventType "tourn"]
[EventCountry "NET"]
[SourceTitle "playchess.com"]
[Source "ChessBase"]
[SourceQuality "1"]

{[%evp 22,129,20,8,21,10,27,0,0,0,15,-7,0,6,68,77,86,90,99,89,86,77,127,124,
181,214,274,239,242,241,228,231,336,275,266,245,234,237,231,231,246,214,247,
232,236,227,289,296,326,254,248,247,686,68,539,386,523,371,375,371,358,366,384,
382,382,380,385,356,370,381,407,412,402,397,493,499,601,589,659,698,789,788,
785,792,787,716,807,786,739,731,683,606,1881,1881,1240,1108,1038,955,1099,1106,
1057,1056,1267,883,1165,1143,1113,1073,918,808]} 1. e4 e5 2. Nf3 Nc6 3. Bb5 a6
4. Ba4 Nf6 5. O-O Be7 6. Re1 b5 7. Bb3 d6 8. c3 O-O 9. h3 Bb7 10. d4 Re8 11.
Nbd2 Bf8 12. a4 exd4 {C92: Closed Ruy Lopez: 9...Be6, Karpov and Flohr-Zaitsev
Variations.} 13. cxd4 Na5 14. Bc2 b4 {The position is equal.} 15. b3 g6 16. Bb2
d5 {[%cal Rf6e4]} 17. e5 {[#]} Nh5 $146 (17... Nd7 $11) ({Predecessor:} 17...
Nd7 18. Nf1 c5 19. e6 Rxe6 20. Rxe6 fxe6 21. dxc5 Bg7 22. Bxg7 Kxg7 23. Ne3 h5
{0-1 (46) Pijpers,A (2473)-Chigaev,M (2623) Budva 2019}) 18. Nf1 $36 {[%cal
Bd2f1,Bf1e3,Be3g4][%mdl 2080] White is really pushing.} Rc8 19. Ne3 c5 20. dxc5
Rxc5 {[%cal Od5d4]} 21. Ng4 {[%cal Oe5e6]} Nc6 (21... Bc8 $142) 22. Qd2 $16 {
White is more active.} d4 (22... Qe7 $16 {was called for.} 23. Bd3 Rc8) 23. Be4
$18 Bg7 24. Rad1 (24. Bxd4 $2 Nxd4 25. Qxd4 (25. Nxd4 $2 Bxe4 26. Qxb4 Bf8 $19)
25... Qxd4 26. Nxd4 Bxe4 27. Rxe4 f5 $19) 24... f5 25. exf6 $1 (25. Bxd4 Nxd4
26. Qxb4 {[#]} Qc7 $1 27. Qxb7 (27. Bxb7 $2 Nc2 $19) 27... fxe4 28. Qxe4 Ne6
$15) 25... Nxf6 26. Bxc6 Bxc6 (26... Rxc6 $142 27. Rxe8+ (27. Bxd4 Rxe1+ 28.
Qxe1 Rd6 $16) 27... Nxe8 28. Nxd4 (28. Bxd4 Rd6 $11) 28... Rc8 29. Qxb4 (29.
Nh6+ Bxh6 30. Qxh6 Rc2 $16) 29... Qd5) 27. Rxe8+ (27. Bxd4 Bxf3 28. Rxe8+ (28.
gxf3 Rd5 $14) 28... Qxe8 $18) (27. Qxd4 Qxd4 28. Bxd4 Rxe1+ 29. Rxe1 Nd7 30.
Bxc5 Nxc5 $18) 27... Bxe8 28. Bxd4 Rd5 29. Nxf6+ ({Don't take} 29. Qxb4 $6 Nxg4
30. hxg4 Bf7) 29... Bxf6 30. Qxb4 Bf7 31. Qc3 a5 32. b4 axb4 33. Qxb4 Qd6 34.
Qc3 Qd7 35. Qa1 Be8 36. a5 {aiming for a6.} Bd8 $2 (36... Qa4 37. Qxa4 Bxa4)
37. Ne5 $2 ({Only move:} 37. a6 $18 Bb6 38. Rd2 Bxd4 39. Rxd4 Rxd4 40. Qxd4)
37... Qd6 $2 {[%mdl 8192]} (37... Qa4 $14) 38. Qa2 {Threatens to win with a6.}
Kf8 39. Nf3 ({Weaker is} 39. Qd2 Bxa5 40. Qh6+ Kg8 $16) 39... Rxa5 {[#]} 40.
Qxa5 {[%mdl 512]} Bxa5 {[#]} 41. Bg7+ $1 {[%mdl 576] Discovered Attack} Ke7 {
[#]} 42. Bf8+ $1 {[%mdl 576] Skewer} Kxf8 43. Rxd6 {[%mdl 4096] Endgame KRN-KB}
Bc7 44. Rd1 h6 45. Nd4 {Strongly threatening Ne6+.} Bd7 {To avoid Ne6+} 46. Kf1
Ke7 47. Ke2 Be5 48. Ke3 {White is clearly winning.} Kf6 49. Rb1 Bc8 50. Rb6+
Kf7 51. f4 Bf6 52. Ke4 h5 53. Kd5 h4 54. Nf3 Kg7 55. Ne5 Bf5 56. Ng4 Be7 57.
Rb7 Kf8 58. Ke5 Bc5 59. Kf6 {Rb8+ would kill now.} Ke8 60. Ne5 {Intending Rb8+
and mate.} Kd8 61. Rb5 Be7+ 62. Kf7 Be4 {Inhibits Rd5+.} 63. Nxg6 Bd6 {[#]} 64.
Ke6 $1 Kc7 (64... Bc7 65. Nxh4) 65. Rg5 {Black got outplayed after the opening.
Weighted Error Value: White=0.37/Black=0.59} 1-0

[Event "Airthings Masters MCCT Prel 2022"]
[Site "Online"]
[Date "2022.02.13"]
[Round "8.5"]
[White "Carlsen, Magnus"]
[Black "Praggnanandhaa R"]
[Result "0-1"]
[WhiteElo "2865"]
[BlackElo "2612"]
[Annotator "TA"]
[PlyCount "78"]
[EventDate "2022.02.18"]
[EventType "tourn"]
[EventCountry "NET"]
[SourceTitle "playchess.com"]
[Source "ChessBase"]
[SourceQuality "1"]

{[%evp 19,78,0,0,0,0,0,4,0,-1,0,8,0,0,-12,0,0,0,-18,-27,-55,-72,-92,-87,-283,
-13,-6,0,0,4,15,6,14,13,12,15,7,20,19,29,26,24,23,45,0,0,-304,-291,-286,-256,
-256,-251,-29943,-12839,-29955,-29943,-29989,-29975,-29970,-29973,-29992,-5571]
} 1. d4 Nf6 2. c4 e6 3. Nf3 d5 4. Nc3 c5 5. e3 Nc6 6. cxd5 exd5 7. Bb5 cxd4 8.
exd4 Bd6 9. O-O O-O 10. h3 {now supersedes 10.Bg5.} h6 11. Re1 {D32: Tarrasch
Defence: Sidelines and lines without g3.} Bf5 12. Ne5 Rc8 13. Bf4 {The
position is equal.} Re8 14. Rc1 {[#]} Qb6 $146 ({Predecessor:} 14... Re6 15.
Bh2 Bh7 16. Bxc6 bxc6 17. Na4 Qa5 18. a3 Qb5 19. Re3 Ne4 20. f3 Nf6 {0-1 (30)
Le,Q (2709)-Vidit,S (2727) Kolkata 2021}) 15. Bxc6 bxc6 16. Na4 {Pair of
Knights!} Qa6 17. Re3 Ne4 18. f3 Ng5 19. Rec3 {[%cal Rc3c6]} Qb7 20. Bh2 {
[%cal Re5c6]} Ne6 $1 {Black is more active.} 21. Nxc6 $2 (21. g4 $17 Bh7 22.
Nxc6 Bxh2+ 23. Kxh2) 21... Nf4 $2 (21... Bxh2+ $19 22. Kxh2 Nf4) 22. Ne5 $1 $11
Bxe5 23. dxe5 Nd3 $132 {[%mdl 2048] Black has counterplay} 24. Rxc8 Rxc8 25.
Rxc8+ Qxc8 26. Bg3 d4 27. b3 Qc6 28. Qd2 Kh7 29. Kh2 Bg6 30. Qa5 Qc1 31. Qxa7 (
31. e6 $1 $14 Nf4 32. e7) 31... Qe3 32. Nc3 $2 {[%mdl 8192]} Nf4 $1 $19 {
...Qd2 is the strong threat.} 33. Nd1 {[#]} Qd2 {[%csl Gf4][%cal Rd2g2]} 34.
Nf2 {[%cal Oe5e6] [#]} Ne2 $1 35. h4 $2 (35. Ng4 $19) 35... Qe1 {( -> ...Bf5)}
36. Qd7 Nxg3 {Black mates.} 37. Qxd4 Nf1+ 38. Kh3 Ne3 39. Qb2 Bc2 {Weighted
Error Value: White=0.73/Black=0.19 (very precise)} (39... Qg1 $142 40. Ne4 Nf1
41. Kg4 Qh2 42. g3 Qxb2 43. h5 Bxe4 44. fxe4 Qf2 45. b4 Qxg3+ 46. Kf5 Qg5#) 0-1

[Event "Airthings Masters MCCT Prel 2022"]
[Site "Online"]
[Date "2022.02.13"]
[Round "8.6"]
[White "Abdusattorov, Nodirbek"]
[Black "Niemann, Hans Moke"]
[Result "1-0"]
[WhiteElo "2651"]
[BlackElo "2642"]
[Annotator "TA"]
[PlyCount "99"]
[EventDate "2022.02.18"]
[EventType "tourn"]
[EventCountry "NET"]
[SourceTitle "playchess.com"]
[Source "ChessBase"]
[SourceQuality "1"]

{[%evp 16,99,0,8,0,4,0,-4,0,0,5,0,22,0,0,-25,0,0,0,0,0,-41,-28,-20,-29,-72,-61,
-89,-93,-90,-89,-119,-88,-86,-77,-73,-81,-135,-53,-52,-31,-36,-35,-95,-87,-109,
-70,-64,0,0,0,0,0,0,0,0,0,0,0,0,0,0,0,0,0,0,0,0,0,0,0,0,0,0,0,0,0,0,0,0,0,0,0,
0,12847,12847]} 1. c4 c5 2. g3 g6 3. Bg2 Bg7 4. Nc3 Nc6 5. Nf3 {[%cal Bg1f3,
Bf3e1,Be1c2,Bc2e3,Be3d5][%mdl 32]} d6 6. O-O e5 7. a3 a5 8. d3 Nge7 9. Ne1 Be6
{A37: Symmetrical English vs ...g6: 4 Bg2 Bg7 5 Nf3.} 10. Bg5 f6 11. Be3 O-O {
The position is equal.} 12. Nc2 {[#]} a4 $5 $146 {[%mdl 8] New and interesting.
} ({Predecessor:} 12... Qd7 13. Rb1 Bh3 14. b4 axb4 15. axb4 Bxg2 16. Kxg2 b6
17. bxc5 bxc5 18. Bd2 f5 19. Ne3 Rab8 20. Ned5 Nxd5 21. Nxd5 Ne7 {1-0 (43)
Sunilduth Lyna,N (2618)-Brunner,N (2418) Chess.com INT 2021}) 13. Rb1 Ra6 14.
Bd2 (14. Ne1 {was preferrable.}) 14... d5 $11 {[%cal Bd6d5,Bd5d4][%mdl 32]} 15.
Ne3 {[%cal Rc4d5]} d4 {[%csl LRc3,LRe3]} 16. Nxa4 {[%cal Oe3d5]} b6 17. Nd5
Nxd5 18. cxd5 (18. b4 $11 {might be stronger.}) 18... Bxd5 $15 19. Bxd5+ Qxd5
20. b4 (20. e4 $11 dxe3 21. Bxe3) 20... Rfa8 $17 21. b5 {[%csl LRa6,LRc6]} Rxa4
22. bxc6 R4a6 ({Much weaker is} 22... Rxa3 $6 23. Rxb6 Bf8 24. Qb1 $11) 23. c7
{[%cal Oa3a4]} Rc8 24. a4 {[%cal Oa4a5]} Rxc7 25. a5 bxa5 26. Rb8+ Kf7 (26...
Bf8 $17 27. Qa4 Rb7) 27. Qa4 $15 {[%csl Gb8][%cal Ra4e8] [#]} Qc6 {Prevents
Qe8+.} 28. Qc4+ Qe6 29. Qa4 (29. Qb5 $1 $15) 29... g5 30. Rfb1 Kg6 31. Bxa5 Qc6
(31... Rcc6 $15 32. R1b7 h6) 32. Qxc6 $11 Rcxc6 33. R1b7 $1 {[%cal Ob8g8] And
now Rg8! would win.} Rxa5 34. g4 f5 35. Rg8 $1 fxg4 {[%cal Og6f5] [#] Strongly
threatening ...Kf5!} 36. Rbxg7+ {[%mdl 4096] Endgame KRR-KRR} Kf6 {Threatens
to win with ...c4.} 37. Rxh7 {[%cal Bg7h7,Bh7h6,Bh6c6,Bc6c5,Bc5e5][%mdl 32]}
Ra1+ 38. Kg2 {Rh6+ is the strong threat.} Re1 39. Rh6+ Kf7 40. Rxc6 {Ra8 would
kill now.} Kxg8 41. Rxc5 Rxe2 {KR-KR} 42. Kf1 Rd2 43. Rxe5 Rxd3 44. Rxg5+ Kf7
45. Rxg4 Kf6 46. h4 {[%cal Bh2h4,Bh4h5,Bh5h6][%mdl 32]} Ke5 47. Kg2 Kf5 48. Rg8
Rc3 49. h5 Rd3 $2 {[%mdl 8192]} (49... d3 $11) 50. h6 {Weighted Error Value:
White=0.06 (flawless) /Black=0.10 (very precise)} 1-0

[Event "Airthings Masters MCCT Prel 2022"]
[Site "Online"]
[Date "2022.02.13"]
[Round "8.7"]
[White "Esipenko, Andrey"]
[Black "Keymer, Vincent"]
[Result "1-0"]
[WhiteElo "2714"]
[BlackElo "2664"]
[Annotator "TA"]
[PlyCount "205"]
[EventDate "2022.02.18"]
[EventType "tourn"]
[EventCountry "NET"]
[SourceTitle "playchess.com"]
[Source "ChessBase"]
[SourceQuality "1"]

{[%evp 9,205,6,12,8,0,-11,10,7,22,29,8,0,0,-10,-9,-12,-20,-20,-25,-68,-53,-56,
-8,-11,0,-22,-18,-27,-22,-14,8,-59,0,-60,-56,-60,-67,-69,-43,-60,-55,-53,-61,
-61,-58,-47,-59,-50,-63,-73,-72,-70,-70,-67,-33,-33,-28,-104,-104,-97,-98,-109,
-86,-182,0,-27,0,-194,-165,-153,-113,-113,-8,-8,0,-18,-18,-20,0,0,59,59,533,
531,553,471,441,415,334,8,8,8,8,8,8,8,8,8,8,8,8,8,0,0,8,8,8,8,8,8,8,8,8,0,0,0,
0,0,0,0,0,0,0,0,0,0,0,0,0,0,0,0,8,0,8,0,8,0,8,0,8,8,8,0,0,0,0,0,8,8,8,8,8,8,8,
8,8,0,8,8,8,0,0,0,8,0,6,6,8,8,8,8,8,0,8,8,8,0,8,0,0,0,29985,29986,29986,96,
29987,29988,29988,29989,29993,29994,29994,29995,29995,29996,29997,29998]} 1. e4
c6 2. Nf3 d5 3. d3 dxe4 4. dxe4 Qxd1+ 5. Kxd1 Nd7 6. Nfd2 {B10: Caro-Kann: 2
d3 and 2 c4.} f5 {[#]} 7. exf5 $146 ({Predecessor:} 7. f3 Ngf6 8. Nc3 g6 9.
exf5 gxf5 10. Nc4 Bg7 11. Be3 Nd5 12. Bd2 O-O 13. Ke1 {0-1 (40) Hansen,E (2606)
-Keymer,V (2607) Chess.com INT 2021}) 7... Ne5 (7... Nc5 $5 {[%cal Rc8f5]}) 8.
Nc4 {The position is equal.} Nxc4 9. Bxc4 Bxf5 10. Be3 Nf6 11. f3 {Inhibits
Ng4.} Nd5 12. Bd2 O-O-O 13. Re1 {Inhibits Ne3+.} e6 14. Kc1 (14. Bxd5 $11 {
is more appropriate.} Rxd5 15. Nc3) 14... Bd6 $15 15. g3 b5 (15... h5 $1 $15 {
should be considered.}) 16. Bb3 $11 c5 17. c4 Nb4 18. Bxb4 cxb4 19. Nd2 Rd7 20.
Ne4 (20. cxb5 $11 Rhd8 21. Nc4 (21. Bxe6 Bxe6 22. Rxe6 Bf4 $17)) 20... Kb8 (
20... Be7 $1 $15) 21. cxb5 (21. Rd1 $11 Bxe4 22. fxe4 bxc4 23. Bxc4) 21... Rc8+
$15 22. Kb1 Be5 {( -> ...Rd2)} 23. Rd1 {Inhibits Rd2.} Rxd1+ 24. Bxd1 Bxe4+ 25.
fxe4 {[%mdl 4096] Endgame KRB-KRB} Rf8 $1 26. Kc2 Rf2+ 27. Kd3 Rxb2 28. Bg4
Rxh2 29. Rf1 Rxa2 30. Bxe6 Ra3+ 31. Kc4 Rxg3 (31... b3 $5 {[%cal Rb3b2]} 32.
Kb4 Bd6+ 33. Kc3 b2+ 34. Kxb2 Rxg3 $17) 32. Kxb4 Bf6 33. Rc1 (33. Kc5 $11 {
remains equal.}) 33... Re3 $1 $17 34. Bd5 h5 35. Kc5 Kc7 36. Kb4+ (36. Rc4 $17
{was called for.}) 36... Kb8 $2 ({Black should play} 36... Kd6 $19 {Threatens
to win with ...h4.} 37. Rc6+ Ke5) 37. Kc5 $1 $11 Kc7 $2 (37... h4 $11 38. Kd6
Bc3) 38. Kb4+ $1 $19 Kd8 39. Kc5 Kd7 40. Rd1 Be7+ (40... h4 $17 {...h3 is the
strong threat.} 41. Bc4+ Ke7) 41. Kd4 $11 Ra3 42. e5 Ra4+ 43. Kc3 {Black must
now prevent Bb3+.} Kc7 44. Bc6 {Hoping for Rd7+.} Bc5 (44... Ra3+ $11 45. Kc4
Ra4+ 46. Kc3 Ra3+ 47. Kc4 Ra4+ 48. Kc3) 45. Rd7+ $14 Kc8 $2 {[%mdl 8192]} ({
Better is} 45... Kb6 $1 $14) 46. e6 $18 Ra1 47. e7 Bxe7 48. Rxe7 {KRB-KR} a6
49. bxa6 ({Weaker is} 49. Rxg7 axb5 50. Kb4 Rc1 $14) (49. Ra7 $18 Kb8 50. Rb7+
(50. Rxg7 axb5 51. Kd4 h4 $14) (50. Rxa6 Rxa6 51. bxa6 Ka7 $11) 50... Kc8 51.
Ra7 (51. Rxg7 axb5 52. Kb4 Rc1 $14)) 49... Rxa6 $11 50. Bb7+ Kd8 51. Rxg7 Ra1
52. Be4 h4 53. Kd4 h3 54. Rh7 h2 55. Ke5 Re1 56. Rxh2 Ke7 57. Rh7+ Ke8 58. Ra7
Re2 59. Kf5 Kd8 60. Bd5 Re7 61. Ra8+ Kc7 62. Be6 Kd6 63. Rd8+ Kc7 64. Rd1 Rh7
65. Ke5 Rh5+ 66. Bf5 Rh2 67. Rc1+ Kb6 68. Kd4 Rd2+ 69. Bd3 Rh2 70. Rg1 Rh6 71.
Be4 Rd6+ 72. Bd5 Kc7 73. Kc5 Rd7 74. Rg8 Rd8 75. Rg6 Rd7 76. Bc6 Re7 77. Rg8
Re5+ 78. Bd5 Re7 79. Ra8 Rd7 80. Ra1 Re7 81. Ra2 Rd7 82. Be6 {Ra7+ would kill
now.} Re7 83. Kd5 Kd8 84. Ra8+ Kc7 85. Rc8+ Kb7 86. Rc2 Rc7 87. Rb2+ Ka7 88.
Kd6 Rb7 89. Ra2+ Kb6 90. Bd7 Rb8 $1 91. Ra1 Rb7 92. Ra8 Ra7 93. Rh8 Rc7 94. Rg8
Kb7 95. Rg1 {White threatens Rb1+ and mate.} Kb8 $2 {[%mdl 8192]} (95... Rc3
$11) 96. Bc6 $1 Rh7 {[#]} 97. Rg8+ $1 Ka7 {[#]} 98. Kc5 $1 {[%csl Gc6][%cal
Rg8a8] White mates.} Ka6 99. Rg1 {[%cal Rg1a1]} Ka7 100. Ra1+ Kb8 101. Ra8+ Kc7
102. Ra7+ Kc8 103. Rxh7 {What a fight!  Weighted Error Value: White=0.22 
(precise) /Black=0.25 (precise)} 1-0

[Event "Airthings Masters MCCT Prel 2022"]
[Site "Online"]
[Date "2022.02.13"]
[Round "8.8"]
[White "Nepomniachtchi, Ian"]
[Black "Kosteniuk, Alexandra"]
[Result "1-0"]
[WhiteElo "2773"]
[BlackElo "2516"]
[Annotator "TA"]
[PlyCount "39"]
[EventDate "2022.02.18"]
[EventType "tourn"]
[EventCountry "NET"]
[SourceTitle "playchess.com"]
[Source "ChessBase"]
[SourceQuality "1"]

{[%evp 11,39,0,0,0,0,0,0,8,8,15,22,0,0,0,105,112,112,110,193,180,168,168,162,
155,136,161,155,162,351,339]} 1. e4 e5 2. f4 d5 3. exd5 exf4 4. Nf3 {[%cal
Bg1f3,Bf3d4,Bd4e6][%mdl 32]} Nf6 5. Bb5+ c6 6. dxc6 Nxc6 7. Nc3 {C36: King's
Gambit Accepted: 3 Nf3 d5.} Bd6 8. Qe2+ Be6 9. Nd4 {The position is equal.} O-O
10. Nxe6 {[#]} Qa5 $146 {[#]} ({Predecessor:} 10... Qb6 11. a4 a5 12. Nxf8 Re8
13. Qxe8 Nxe8 14. Nd7 Qc7 15. d4 Nxd4 16. O-O Nxb5 17. Nxb5 Qxd7 18. Bxf4 Bxf4
19. Rxf4 {½-½ (26) Reprintsev,A (2353)-Shkapenko,P (2424) Chess.com INT 2021}
) 11. Nxg7 Kxg7 12. Bxc6 {Hoping for Qb5.} bxc6 {[#]} (12... Rae8 $11 13. Bxe8
Rxe8) 13. O-O $1 $16 Rae8 14. Qf3 Nh5 (14... Qh5 $16) 15. d4 ({Don't blunder} 
15. Qxc6 $2 Bc5+ 16. Kh1 Re6 17. Qxe6 fxe6 $19) 15... Qf5 16. g4 Qg6 17. Kh1 ({
Worse is} 17. Qxc6 Kh8 18. Qg2 Rg8 $11) 17... Nf6 18. Bxf4 Bxf4 19. Qxf4 Nxg4
$2 {[#]} (19... Re6 20. g5 Nd5 21. Nxd5 cxd5) 20. h3 $1 {White took control
after the opening.  Weighted Error Value: White=0.02 (flawless) /Black=0.39}
1-0

[Event "Airthings Masters MCCT Prel 2022"]
[Site "Online"]
[Date "2022.02.13"]
[Round "9.1"]
[White "Kosteniuk, Alexandra"]
[Black "Artemiev, Vladislav"]
[Result "0-1"]
[WhiteElo "2516"]
[BlackElo "2700"]
[Annotator "TA"]
[PlyCount "118"]
[EventDate "2022.02.18"]
[EventType "tourn"]
[EventCountry "NET"]
[SourceTitle "playchess.com"]
[Source "ChessBase"]
[SourceQuality "1"]

{[%evp 14,118,5,4,8,0,5,8,13,0,0,0,0,0,0,0,0,0,0,-21,-24,-34,-20,-16,0,-6,-13,
-6,-7,0,-7,0,0,-46,-37,-43,-23,-37,-13,-18,-25,-25,-32,-36,-35,-36,0,0,0,0,0,0,
0,0,0,0,0,0,0,0,0,0,0,-121,0,-80,0,0,0,0,0,0,0,0,0,0,0,0,0,0,0,0,0,0,0,0,0,0,
136,-10,0,-32,-36,-156,-158,-165,-110,-603,-396,-361,-462,-725,-789,-29995,
-29996,-29996,-29997]} 1. e4 {Schachzwerg} c5 2. Nf3 e6 3. c3 {[%cal Bc2c3,
Bc3c4][%mdl 32]} d5 4. exd5 Qxd5 5. d4 Nf6 6. Be2 Be7 7. O-O O-O 8. c4 {
8.c4 scores better than 8.Be3.} Qc6 {B22: Sicilian: 2 c3.} 9. Qc2 {[#]} Rd8
$146 ({Predecessor:} 9... cxd4 10. Nxd4 Qe8 11. Nb5 Na6 12. Bf4 Bd7 13. Nd6 Qb8
14. Rd1 Bc6 15. Bg3 Rd8 16. Nxf7 Rxd1+ 17. Qxd1 {0-1 (48) Feuerstack,A (1814)
-Kirchhoff,H (1828) Eckernfoerde 2001 EXT 2004 [Schachzwerg]}) 10. Rd1 Qb6 {
[%cal Rc5d4] The position is equal.} 11. Be3 Nc6 {[%cal Rc5d4]} 12. dxc5 Rxd1+
13. Bxd1 Bxc5 14. Bxc5 Qxc5 15. Nbd2 e5 16. Nb3 Qe7 17. Be2 a5 18. Re1 Bg4 19.
h3 Bh5 20. Qc3 Bg6 21. a3 Ne4 22. Qe3 a4 23. Nbd2 (23. Bd3 $11 {feels stronger.
}) 23... Nc5 $15 24. Bf1 {[%cal Rf3e5]} e4 25. Nh4 f5 {[%cal Bf7f5,Bf5f4,Bf4f3]
[%mdl 32]} 26. Nxg6 hxg6 27. Nb1 Qe5 28. Nc3 f4 29. Qc1 e3 30. fxe3 f3 {
[%cal Of3f2]} 31. Qd1 Qg3 {Strongly threatening ...f2+.} 32. Qd2 {Inhibits f2+.
} Ne5 (32... Rd8 $5 33. Qf2 Qxf2+ 34. Kxf2 Rd2+ 35. Kxf3 Ne5+ 36. Kg3 Rxb2 $11)
33. Rd1 Rf8 34. Qf2 $1 ({But not} 34. Qd5+ $2 Kh7 35. Qxc5 fxg2 $1 36. Qxf8 (
36. Bxg2 $2 Nf3+ 37. Kf1 Nd2+ 38. Kg1 Nf3+ 39. Kf1 Rf5 $19) 36... Nf3+ 37. Qxf3
gxf1=Q+ 38. Kxf1 Qxf3+ 39. Kg1 Qg3+ 40. Kf1 Qf3+ 41. Kg1 Qxh3 $19) 34... Qg5 {
White must now prevent ...fxg2.} 35. g3 b6 36. Rd5 Qe7 37. e4 g5 38. Rd1 (38.
Qd4 $11 {remains equal.} f2+ 39. Kg2) 38... Qe6 ({Black should play} 38... g4
$1 $17 {[%cal Rg4h3] aiming for ...gxh3.} 39. h4 g5) 39. Qd4 {[#]} (39. Kh2 $11
) 39... Qe8 {Black is much more active.} (39... g4 $1 $17 {[%cal Rg4h3]} 40. h4
Nf7) 40. Kf2 Kh7 41. Qe3 Qh5 42. Rd5 Re8 43. Qd4 g4 {Chess con chili.} 44. h4
Re6 45. Qe3 Qe8 46. Qg5 g6 47. Rd8 Qf7 48. Rd5 Qe8 49. Rd8 Qf7 50. Rd5 Ncd7 (
50... Qe8 $11) 51. Qd2 (51. Nxa4 $16 Qe8 52. Nc3) 51... Qe7 52. Qe3 Nf6 53. Rb5
{[#]} (53. Rd4 $1 $15) 53... Ned7 $1 $17 {[%cal Be5d7,Bd7f6,Bf6e4][%mdl 32]
Threatens to win with ...Nc5. Pair of Knights!} 54. Nd5 Nxd5 (54... Nxe4+ $19
55. Qxe4 Rxe4 56. Nxe7 Rxe7) 55. Rxd5 $4 {[%mdl 8192] This costs White the
game.} (55. cxd5 $17 Rxe4 56. d6 Rxe3 57. dxe7 Rxe7 58. Rb4) 55... Nf6 56. Bd3
Nxe4+ ({Weaker is} 56... Nxd5 57. cxd5 Rd6 58. Qd4 $11) 57. Bxe4 Rxe4 {[%cal
Be6e4,Be4e2,Be2f2][%mdl 32]} 58. Qc3 Re2+ 59. Kf1 {[#]} Rf2+ $1 {[%mdl 512]
Weighted Error Value: White=0.39/Black=0.17 (very precise)} 0-1

[Event "Airthings Masters MCCT Prel 2022"]
[Site "Online"]
[Date "2022.02.13"]
[Round "9.2"]
[White "Keymer, Vincent"]
[Black "Nepomniachtchi, Ian"]
[Result "1/2-1/2"]
[WhiteElo "2664"]
[BlackElo "2773"]
[Annotator "TA"]
[PlyCount "129"]
[EventDate "2022.02.18"]
[EventType "tourn"]
[EventCountry "NET"]
[SourceTitle "playchess.com"]
[Source "ChessBase"]
[SourceQuality "1"]

{[%evp 13,129,18,27,17,33,19,47,24,22,6,21,-31,-18,-19,-16,-11,-16,-9,-29,-33,
-8,-25,-24,-63,-62,-58,-61,-61,-72,-60,-68,-61,-57,-76,-81,-78,-70,-92,-89,
-129,-120,-139,-143,-147,-148,-170,-167,-172,-112,-265,-236,-229,-200,-204,
-204,-208,-126,-157,-84,-84,-84,-84,-84,-84,-84,-84,-84,-84,-84,-84,-84,-153,
-60,-153,-153,-153,-153,-153,-153,-153,-153,-153,-1,-153,0,-36,-36,-36,0,0,0,0,
0,0,0,0,0,0,0,0,0,0,0,0,0,0,-28000,-28000,-28000,-28000,-28000,-28000,-28000,
-28000,-28000,-28000,-28000,-28000]} 1. d4 Nf6 2. c4 e6 3. Nf3 d5 4. Nc3 Bb4 5.
cxd5 exd5 6. Bg5 {[%cal Bc1g5,Bg5h4,Bh4g3][%mdl 32]} h6 7. Bh4 c5 {7...Bf5 is
setting a new trend.} 8. dxc5 {D38: Queen's Gambit Declined: Ragozin Defence 
(4 Nf3 Bb4).} Nbd7 9. e3 O-O 10. Be2 {White is slightly better.} g5 11. Bg3 Ne4
{[#]} 12. O-O $146 (12. Qd4 $11 Bxc3+ 13. bxc3) ({Predecessor:} 12. Rc1 Bxc3+
13. bxc3 Ndxc5 14. Be5 Re8 15. Bd4 Be6 16. O-O Qa5 17. Ne5 Na4 18. Bd3 {
1-0 (25) Moiseenko,A (2622)-Erenberg,A (2494) Israel 2021}) 12... Bxc3 $15 13.
bxc3 Nxc3 {Pair of Knights!} 14. Qc2 Nxe2+ 15. Qxe2 Nxc5 16. Rfd1 Re8 17. Nd4
Bd7 18. Qf3 Ne4 19. Nf5 Qf6 20. Nd6 {Strongly threatening Nxe4.} Qxf3 21. gxf3
Nxd6 22. Bxd6 Be6 23. Bc5 Rec8 24. Bd4 Bh3 25. Rab1 b6 26. Rb5 Rc2 27. a4 Rac8
$1 28. Rxd5 {[#]} Rd2 $3 {[%cal Rd2d1][%mdl 512]} 29. Ra1 (29. Re1 f6) 29...
Kh7 30. a5 {[#]} bxa5 ({Black should play} 30... Ra2 $3 $19 {[%mdl 512] ( -> ..
.Rxa1+)} 31. Rd1 Rxa5) 31. e4 $2 (31. Rdxa5 $17 Rdc2 32. Re1) 31... a4 {
[%cal Oa4a3]} 32. Be3 Rxd5 33. exd5 $19 {[%mdl 4096] Endgame KRB-KRB} Rc4 34.
d6 Rb4 35. Rd1 {Black must now prevent d7.} a3 (35... Rb7 $142 {Hoping for ...
a3.} 36. Ra1 Kg6) 36. d7 $17 {[#]} Bxd7 37. Rxd7 {KRB-KR} a2 38. Rxf7+ Kg6 39.
Rxa7 Rb1+ 40. Kg2 a1=Q 41. Rxa1 Rxa1 {KR-KB} 42. h3 ({White should try} 42. f4)
42... Kf5 (42... Ra4 $1 $17 43. Kg3 Kf5) 43. Kg3 {[#]} (43. h4 $1 $15) 43...
Ra4 $1 44. Kg2 Rc4 45. Kg3 Ke5 46. Kg2 Ra4 47. Kg3 {[#]} Kd5 $2 (47... Rb4 $1
$17 {White should prevent ...Kf5.} 48. Bd2 Ra4 49. Bc3+ Kf5) 48. Kg2 $2 (48. h4
$1 $11) 48... Kc4 $2 (48... Rb4 $17 49. Kg3 Ke5) 49. f4 gxf4 50. Bxf4 Ra6 51.
Kg3 Kd3 52. Kg4 Ra4 53. Kf5 h5 54. Bg5 Ra6 55. Bf6 Ke2 56. f4 Kf3 57. Be5 h4
58. Kg5 Kg3 {And now ...Ra5 would win.} 59. f5+ Kxh3 $2 {[%mdl 8192]} (59...
Kg2 $11) 60. f6 {Mate.} Ra7 61. Kg6 Kg2 62. f7 Rxf7 63. Kxf7 h3 64. Bd6 h2 65.
Bxh2 {[%mdl 32768] Weighted Error Value: White=0.23 (precise) /Black=0.15 
(very precise) . An unexpected result.} 1/2-1/2